000 00550nam a2200229Ia 4500
008 210210b2016 xxu||||| |||| 00| 0 eng d
020 _a9789385998577
041 _aeng
082 _a574.19202 RASZ
100 _aRASTOGI (Veer Bala)
245 _aZubays principles of biochemistry MCQs
260 _aNew Delhi
_bMedtech
_c2016
300 _a188
650 _aZubays
650 _aprinciples
650 _aof
650 _aMCQs
650 _abiochemistry
690 _aBiochemistry Entrance
700 _aANEJA (K R)
906 _a071312
999 _c120772
_d120772